000 00575nam a2200229Ia 4500
003 OSt
005 20220924143541.0
006 a|||||r|||| 00| 0
007 ta
008 220923b |||||||| |||| 00| 0 urd d
024 _a308916
037 _cTextual
040 _aARTS
_cARTS
_burd
041 _2urd
_aurd
082 _aO152,1:g, 168G1
100 _aKarevi Aazam
_9216244
245 0 _aHindi shairi
260 _c1931
650 _aHINDI LITERATURE
_923866
942 _hO152,1:g, 168G1
_cTEXL
_2CC
999 _c454951
_d454951